000 00889nam a22002177a 4500
003 0
005 20250201150835.0
008 250201b xxu||||| |||| 00| 0 eng d
050 _aHF 5415.525
_bR49 2023
100 _aReyes, Arveegail C.
245 _aFactors that contribute to customers loyalty on the beauty care services as perceived by selected beauty salon on customers in Las Pinas City
_cArveegail C. Reyes
260 _aLas Pinas City
_bSouthville International School and Colleges
_c2023
300 _aix, 129 pages ;
_c28cm.
500 _aBachelor of Science in Business Administration Major in Marketing Management.
504 _aIncludes bibliographical references and appendices.
650 _aCustomer loyalty .
650 _aConsumer behavior.
650 _aBeauty salons—Customer relations.
650 _aService industries—Marketing.
942 _2lcc
_cTH
999 _c367095
_d367095